[Event "Master Open"]
[Site "Singapore SIN"]
[Date "2004.12.12"]
[Round "3"]
[White "Panggabean,H"]
[Black "Singh,G"]
[Result "0-1"]
[WhiteElo "2222"]
[BlackElo "2341"]

1.Nf3 d6 2.d4 Nf6 3.c4 g6 4.Nc3 Bg7 5.e4 O-O 6.Be2 e5 7.O-O Nc6 8.d5 Ne7
9.b4 a5 10.bxa5 Rxa5 11.Nd2 Nd7 12.Nb3 Ra8 13.Be3 b6 14.a4 Nc5 15.f3 Bd7
16.Nxc5 dxc5 17.a5 Nc8 18.axb6 Rxa1 19.Qxa1 cxb6 20.Rb1 f5 21.Bd3 f4 22.Bf2 g5
23.Be2 h5 24.Nb5 g4 25.Na7 Qc7 26.Nxc8 Bxc8 27.Qb2 Rf6 28.Ra1 Rg6 29.Ra8 Kh7
30.Qa3 g3 31.hxg3 fxg3 32.Be3 Bh6 33.Bxh6 Kxh6 34.Qe3+ Kh7 35.Qa3 Qd8 36.Qe3 Qc7
37.Qa3 Rg7 38.Qa1 Qe7 39.Qc1 Bd7 40.Ra7 Qh4 41.Qe3 Qh2+ 42.Kf1 h4 43.f4 exf4
44.Qg1 h3 45.Bf3 hxg2+ 46.Bxg2 f3  0-1

[Event "III Pereyra Mem"]
[Site "Mendoza ARG"]
[Date "2004.12.14"]
[Round "6"]
[White "Salguero,F"]
[Black "Mamani,H"]
[Result "1-0"]
[WhiteElo "2281"]
[BlackElo "2177"]

1.Nf3 Nf6 2.c4 g6 3.Nc3 Bg7 4.e4 d6 5.d4 O-O 6.Be2 e5 7.O-O Nc6 8.Be3 Ng4
9.Bg5 f6 10.Bc1 exd4 11.Nxd4 Nxd4 12.Qxd4 f5 13.Qd5+ Kh8 14.Bxg4 fxg4 15.Bg5 Be6
16.Qd2 Qd7 17.b3 Rae8 18.Rad1 Be5 19.Bh6 Rf7 20.Be3 a6 21.Bd4 Qe7 22.Bxe5+ dxe5
23.Ne2 Qh4 24.Qc3 Bd7 25.Rd5 Qf6 26.f4 Bc6 27.Rxe5 Rxe5 28.Qxe5 Qxe5 29.fxe5 Re7
30.Nc3 Kg7 31.Kf2 Rxe5 32.Ke3 Rh5 33.Rh1 b5 34.Nd5 bxc4 35.bxc4 Re5 36.Kd4 Rh5
37.g3 Bd7 38.Rb1 Rxh2 39.Rb7 Kf7 40.c5 Ke6 41.Nxc7+ Ke7 42.Nd5+ Ke6 43.Rb6+ Kf7
44.Ke5 Rc2 45.Kd6  1-0

[Event "Master Open"]
[Site "Singapore SIN"]
[Date "2004.12.14"]
[Round "5"]
[White "Mahmud,S"]
[Black "Situru,N"]
[Result "1/2-1/2"]
[WhiteElo "2343"]
[BlackElo "2390"]

1.Nf3 Nf6 2.c4 g6 3.Nc3 Bg7 4.d4 O-O 5.e4 d6 6.Be2 e5 7.O-O Nc6 8.dxe5 dxe5
9.Bg5 Qxd1 10.Rfxd1 Bg4 11.Be3 Rfd8 12.Rxd8+ Rxd8 13.Rd1 Rxd1+ 14.Bxd1 a6
15.Kf1 Kf8 16.h3 Bxf3 17.Bxf3 Nd4 18.Bxd4 exd4 19.Nd5 Nxd5 20.exd5  1/2-1/2

[Event "III Pereyra Mem"]
[Site "Mendoza ARG"]
[Date "2004.12.16"]
[Round "8"]
[White "Salguero,F"]
[Black "Estay,O"]
[Result "1-0"]
[WhiteElo "2281"]
[BlackElo "2199"]

1.Nf3 Nf6 2.c4 g6 3.Nc3 Bg7 4.e4 d6 5.d4 O-O 6.Be2 e5 7.O-O Nc6 8.d5 Ne7
9.b4 a5 10.bxa5 Nh5 11.Re1 Nf4 12.Bf1 h6 13.Nd2 c5 14.Nb3 f5 15.g3 Nh5 16.exf5 Nxf5
17.Ne4 Nd4 18.Nxd4 exd4 19.Bd2 Nf6 20.Bg2 Ng4 21.Rb1 Ne5 22.Qb3 g5 23.Qc2 Nf3+
24.Bxf3 Rxf3 25.Rb6 Qf8 26.Nxd6 Bh3 27.Qg6 Rxf2 28.Bf4 Rg2+ 29.Kh1 gxf4 30.Rxb7 f3
31.Rf7 f2 32.Rf1 Rb8 33.a6 d3 34.a7 Rd8 35.Rxf8+ Rxf8 36.Nf5 Rg1+ 37.Rxg1 fxg1=Q+
38.Kxg1 Bxf5 39.Qxf5 Rxf5 40.a8=Q+ Kh7 41.Qa3 Bd4+ 42.Kg2 Rf2+ 43.Kh3 d2
44.Qd3+ Kg7 45.a4 Be3 46.a5 Rf7 47.d6 Rf8 48.a6 Rd8 49.a7 Kf6 50.Kg4 Ke6
51.Qxe3+  1-0

[Event "Open"]
[Site "Zadar CRO"]
[Date "2004.12.16"]
[Round "5"]
[White "Jankovic,A"]
[Black "Mihalinec,D"]
[Result "1/2-1/2"]
[WhiteElo "2477"]
[BlackElo "2178"]

1.Nf3 Nf6 2.c4 g6 3.Nc3 Bg7 4.e4 d6 5.d4 O-O 6.Be2 e5 7.O-O Nc6 8.d5 Ne7
9.Ne1 Nd7 10.Nd3 f5 11.Bd2 Nf6 12.f3 b6 13.b4 a5 14.a3 Rf7 15.c5 axb4 16.axb4 Rxa1
17.Qxa1 bxc5 18.bxc5 Qf8 19.Qc1 Kh8 20.Nf2 Neg8 21.cxd6 cxd6 22.Nb5 Ba6 23.Qa3 Bxb5
24.Bxb5 Qb8 25.Bc6 Ne7 26.Bb4 Nxc6 27.Bxd6 Qb6 28.dxc6 Qxc6 29.exf5 gxf5
30.Bxe5 Qd5 31.Qc3 Nd7 32.Bxg7+ Rxg7 33.Rd1 Qf7 34.Nh3 Kg8 35.Nf4 Nf8 36.h4 Qa7+
37.Qd4 Ng6 38.Ne6 Re7 39.h5 Qxd4+ 40.Nxd4 Nf4 41.Nxf5 Re2 42.Rd4 Nxh5 43.Kh2 Nf6
44.Rf4 Nd5 45.Rg4+ Kf7 46.Kh3 Kf6 47.Ng3 Re1 48.Ne4+ Kf7 49.Kg3 Ra1 50.Rg5 Ne3
51.Kf2 Nc4 52.g4 Ra2+ 53.Kg3 Ne3 54.Rc5 Ra3 55.Rc1 Nd5 56.g5 Kg6 57.Rc6+ Kg7
58.Kg4 Ra1 59.Rd6 Rg1+ 60.Kf5 Ne3+  1/2-1/2

[Event "It"]
[Site "Subotica SCG"]
[Date "2004.12.17"]
[Round "10"]
[White "Jesenski,T"]
[Black "Farkas,Ti"]
[Result "1/2-1/2"]
[WhiteElo "2287"]
[BlackElo "2336"]

1.d4 Nf6 2.c4 g6 3.Nc3 Bg7 4.e4 d6 5.Nf3 O-O 6.Be2 e5 7.O-O Nc6 8.d5 Ne7
9.Nd2 a5 10.a3 Nd7 11.Rb1 f5 12.b4 axb4 13.axb4 Nf6 14.f3 c6  1/2-1/2

[Event "XIII Open"]
[Site "Erandio ESP"]
[Date "2004.12.19"]
[Round "3"]
[White "Veingold,A"]
[Black "Basto Auzmendi,M"]
[Result "1-0"]
[WhiteElo "2473"]
[BlackElo "2111"]

1.d4 Nf6 2.Nf3 g6 3.c4 Bg7 4.Nc3 O-O 5.e4 d6 6.Be2 e5 7.O-O Nc6 8.d5 Ne7
9.b4 a5 10.Ba3 axb4 11.Bxb4 Nd7 12.a4 f5 13.Ng5 Nc5 14.Bxc5 dxc5 15.Bf3 Ra6
16.a5 Bf6 17.Ne6 Bxe6 18.dxe6 c6 19.Qb3 Rxa5 20.Qxb7 Qa8 21.Qb2 Rxa1 22.Rxa1 Qc8
23.Qb6 Qxe6 24.Qxc5 Rd8 25.Qb6 Rd4 26.Nd5 fxe4 27.Bg4 Qf7 28.Nxe7+ Qxe7 29.Qxc6 Kg7
30.Be2 Rd2 31.Qxe4 Kh6  1-0

[Event "Open"]
[Site "Zadar CRO"]
[Date "2004.12.19"]
[Round "9"]
[White "Ramesa,M"]
[Black "Krstic,U"]
[Result "0-1"]
[WhiteElo "2230"]
[BlackElo "2360"]

1.d4 Nf6 2.Nf3 g6 3.c4 Bg7 4.Nc3 O-O 5.e4 d6 6.Be2 e5 7.O-O Nc6 8.d5 Ne7
9.Ne1 Nd7 10.Be3 f5 11.f3 f4 12.Bf2 g5 13.a4 Rf6 14.a5 Rh6 15.Nd3 Nf6 16.Be1 Rg6
17.Nf2 h5 18.h3 Kh7 19.b4 Neg8 20.c5 Nh6 21.Ra3 g4 22.fxg4 hxg4 23.Nxg4 Nfxg4
24.hxg4 Nxg4 25.Bxg4 Bxg4 26.Qd3 dxc5 27.bxc5 Bf8 28.d6 cxd6 29.Rb3 Rg7 30.Nd5 dxc5
31.Qc3 Qg5 32.Bf2 Re8 33.Rc1 Re6 34.g3 Rh6 35.Qd2 Qh5 36.Kf1 Qh3+ 37.Ke1 Qh1+  0-1

[Event "Open A"]
[Site "Bethune FRA"]
[Date "2004.12.26"]
[Round "1"]
[White "Abeln,M"]
[Black "Manet,E"]
[Result "1-0"]
[WhiteElo "2341"]
[BlackElo "2070"]

1.d4 Nf6 2.c4 g6 3.Nc3 Bg7 4.e4 d6 5.Be2 O-O 6.Nf3 e5 7.O-O Nc6 8.d5 Ne7
9.b4 Nd7 10.a4 f5 11.Ng5 Nf6 12.Bf3 h6 13.Ne6 Bxe6 14.dxe6 Qc8 15.Nd5 Nexd5
16.cxd5 fxe4 17.Bg4 Qe8 18.Bh3 c6 19.dxc6 Qxc6 20.Bb2 Rfe8 21.Qb3 Qd5 22.Qa3 Bf8
23.Rac1 Qd3 24.Rc3 Qa6 25.Rfc1 Qb6 26.Qb3 Kh8 27.Rc7 Re7 28.Rc8 Re8 29.R8c2 Nh7
30.a5 Qd8 31.Rc7 b6 32.e7 Rxe7 33.Rc8  1-0

[Event "Open A"]
[Site "Bethune FRA"]
[Date "2004.12.26"]
[Round "1"]
[White "Tupet,G"]
[Black "Roger,M"]
[Result "1-0"]
[WhiteElo "2030"]
[BlackElo "2219"]

1.d4 Nf6 2.Nf3 g6 3.c4 Bg7 4.Nc3 d6 5.e4 O-O 6.Be2 e5 7.O-O Nc6 8.d5 Ne7
9.Ne1 Nd7 10.Be3 f5 11.f3 f4 12.Bf2 g5 13.b4 Nf6 14.Rc1 h5 15.c5 Ng6 16.cxd6 cxd6
17.Nb5 Ne8 18.Nxa7 Bd7 19.a4 Rf7 20.a5 Bh6 21.Bb5 g4 22.Bb6 Qg5 23.Bxd7 Rxd7
24.Nb5 Nh4 25.Kh1 Rg7 26.Qe2 Kh8 27.Rc2 Ng6 28.Nd3 Nf8 29.Rfc1 Nh7 30.Nc7 Nxc7
31.Rxc7 Qh4 32.Rc8+ Rg8 33.Rxa8 Rxa8 34.Rc7 Rg8 35.Rc2 Ng5 36.Qf1 Bf8 37.b5 Be7
38.a6 bxa6 39.bxa6 g3 40.h3 Bd8 41.Bg1 Ba5 42.a7 Ra8 43.Rb2 Bc7 44.Rb7 Rg8
45.Rxc7 Nxh3 46.gxh3 g2+ 47.Qxg2 Rxg2 48.Kxg2 Qg3+ 49.Kf1 Qxh3+ 50.Ke2  1-0

[Event "Asian Juniors"]
[Site "Bikaner IND"]
[Date "2004.12.27"]
[Round "8"]
[White "Samakov,N"]
[Black "Nguyen Van Huy"]
[Result "1-0"]
[WhiteElo "2179"]
[BlackElo "2325"]

1.d4 Nf6 2.Nf3 g6 3.c4 Bg7 4.Nc3 O-O 5.e4 d6 6.Be2 e5 7.O-O Nc6 8.d5 Ne7
9.b4 Nd7 10.a4 f5 11.Ba3 Nf6 12.Nd2 Bh6 13.Bf3 Bxd2 14.Qxd2 f4 15.Be2 g5
16.f3 Ng6 17.Kf2 Rf7 18.Ke1 Kh8 19.Kd1 g4 20.Kc2 gxf3 21.gxf3 Bh3 22.Rg1 a5
23.b5 b6 24.Bf1 Bd7 25.Qf2 Nh5 26.Ra2 Qf6 27.Nd1 Rg8 28.Kb3 Rfg7 29.Bb2 Qh4
30.Bc3 Qxf2 31.Rxf2 Nh4 32.Rxg7 Rxg7 33.Nb2 Rg5 34.c5 Nf6 35.cxb6 cxb6 36.Nc4 Nxf3
37.Nxd6 Bc8  1-0

[Event "34th Rilton Cup"]
[Site "Stockholm SWE"]
[Date "2004.12.28"]
[Round "2"]
[White "Bernholdsson,S"]
[Black "Backmann,M"]
[Result "0-1"]
[WhiteElo "1955"]
[BlackElo "2106"]

1.d4 Nf6 2.c4 g6 3.Nc3 Bg7 4.e4 d6 5.Nf3 O-O 6.Be2 e5 7.O-O Nc6 8.d5 Ne7
9.b4 Nh5 10.Re1 Nf4 11.Bf1 h6 12.c5 g5 13.Be3 Neg6 14.cxd6 cxd6 15.g3 Nh3+
16.Kh1 g4 17.Bxh3 gxh3 18.Qd2 Bg4 19.Ng1 Qf6 20.f3 Bxf3+ 21.Nxf3 Qxf3+ 22.Kg1 h5
23.Rf1 Qg4 24.Qe2 a6 25.Rac1 Rac8 26.Qf3 Qxf3 27.Rxf3 Rc4 28.b5 Rfc8 29.bxa6 bxa6
30.Ne2 Rxc1+ 31.Nxc1 Rc4 32.Nd3 Rxe4 33.Nf2 Ra4 34.Nxh3 Rxa2 35.Ng5 Bh6 36.Ne4 Bxe3+
37.Rxe3 Ne7 38.Nxd6 f6 39.Rd3 Ra5 40.Ne4 f5 41.Nc3 e4 42.Rd1 Rc5 43.d6 Rxc3
44.dxe7 Kf7 45.Rd6 Kxe7 46.Rxa6 Rc2 47.h3 h4 48.g4 f4 49.Ra4 Re2 50.Kf1 f3
51.g5 Ke6 52.g6 Kf5 53.g7 Rg2 54.Ra7 Kf4 55.Rf7+ Ke3 56.Re7 Rg3 57.Rf7 Rxh3
58.g8=Q Rh1+ 59.Qg1+ Rxg1+ 60.Kxg1 Ke2 61.Rf4 e3 62.Ra4 f2+ 63.Kh2 f1=Q  0-1

[Event "Open A"]
[Site "Bethune FRA"]
[Date "2004.12.29"]
[Round "5"]
[White "Van der Stricht,G"]
[Black "Roger,M"]
[Result "1-0"]
[WhiteElo "2413"]
[BlackElo "2219"]

1.d4 Nf6 2.c4 g6 3.Nc3 Bg7 4.e4 d6 5.Nf3 O-O 6.Be2 e5 7.O-O Nc6 8.d5 Ne7
9.b4 Nh5 10.Re1 f5 11.Ng5 Nf4 12.Bxf4 exf4 13.Rc1 Bf6 14.Ne6 Bxe6 15.dxe6 Bxc3
16.Rxc3 fxe4 17.Bg4 Nc6 18.Rxe4 Ne5 19.c5 Qe7 20.cxd6 cxd6 21.Bh3 g5 22.Qc2 g4
23.Rxe5 dxe5 24.Bxg4 Qh4 25.Rc7 Rae8 26.g3 fxg3 27.hxg3 Qh6 28.Bf5 Qf6 29.Bxh7+ Kh8
30.Bg8 Re7 31.Bf7 Rxc7 32.Qxc7 Rd8 33.e7  1-0

[Event "Open A"]
[Site "Bethune FRA"]
[Date "2004.12.29"]
[Round "6"]
[White "Houdart,D"]
[Black "Tupet,G"]
[Result "0-1"]
[WhiteElo "2236"]
[BlackElo "2030"]

1.Nf3 Nf6 2.c4 g6 3.Nc3 Bg7 4.e4 d6 5.d4 O-O 6.Be2 e5 7.O-O Nc6 8.d5 Ne7
9.Ne1 Nd7 10.Be3 f5 11.f3 f4 12.Bf2 g5 13.a4 Ng6 14.a5 Rf7 15.b4 Nf6 16.c5 Bf8
17.Nb5 a6 18.Na3 g4 19.Nc4 g3 20.hxg3 fxg3 21.Bxg3 Nh5 22.Bf2 Ngf4 23.Ne3 Qg5
24.Ng4 Nxe2+ 25.Qxe2 Nf4 26.Qc2 h5 27.Ne3 Bh6 28.Ra3 Rg7 29.g3 Bd7 30.N1g2 Rf8
31.gxf4 exf4 32.Bh4 Qxh4 33.Ng4 Qg5 34.Nxh6+ Qxh6 35.c6 bxc6 36.dxc6 Bh3
37.Rf2 Kh8 38.Kh2 Qg5 39.Kg1 Rfg8 40.Ra2 Qg3 41.Qe2 h4 42.e5 Be6 43.Rd2 d5
44.Qxa6 h3 45.Qe2 Qh4 46.Qd1 Rh7 47.Qf1 hxg2 48.Rxg2 Qh1+ 49.Kf2 Rxg2+ 50.Qxg2 Rh2
51.Qxh2+ Qxh2+ 52.Ke1 Qg1+ 53.Ke2 Qg2+ 54.Ke1 Qg1+ 55.Ke2 Qe3+ 56.Kd1 Qxf3+
57.Kc2 Bf5+ 58.Kb2 Qe4 59.Rh2+ Kg7 60.Ka3 Qxe5  0-1

[Event "Lidums Australian Open"]
[Site "Mount Buller AUS"]
[Date "2004.12.29"]
[Round "2"]
[White "Arlandi,E"]
[Black "Chan,Jas"]
[Result "1-0"]
[WhiteElo "2440"]
[BlackElo "2140"]

1.d4 Nf6 2.c4 g6 3.Nc3 Bg7 4.e4 d6 5.Nf3 O-O 6.Be2 e5 7.O-O Nc6 8.d5 Ne7
9.Nd2 a5 10.a3 Nd7 11.Rb1 f5 12.b4 Kh8 13.Qc2 Nf6 14.Rd1 f4 15.c5 axb4 16.axb4 g5
17.Nc4 g4 18.g3 Ng6 19.b5 b6 20.cxd6 cxd6 21.Ba3 Ne8 22.Na4 Rb8 23.Bb4 Nh4
24.gxh4 f3 25.Bd3 Bh6 26.Bd2 Qxh4 27.Bxh6 Qxh6 28.Ncxb6 Qh3 29.Bf1 Qh4 30.Nxc8 Rf6
31.Rd3 Rh6 32.h3 Ng7 33.Qc7 Ra8 34.Nxd6 Rg6 35.Nf7+ Kg8 36.Nxe5  1-0

[Event "20th Open"]
[Site "Nice FRA"]
[Date "2004.12.29"]
[Round "6"]
[White "Ribreau,H"]
[Black "Bujisho,B"]
[Result "1-0"]
[WhiteElo "2222"]
[BlackElo "2385"]

1.c4 Nf6 2.Nf3 g6 3.Nc3 Bg7 4.d4 O-O 5.e4 d6 6.Be2 e5 7.O-O Nc6 8.d5 Ne7
9.b4 Nh5 10.Re1 h6 11.c5 f5 12.Nd2 Nf6 13.Ba3 Kh8 14.b5 Ne8 15.Nc4 b6 16.cxd6 cxd6
17.Bb4 Ng8 18.f4 exf4 19.e5 dxe5 20.Bxf8 Bxf8 21.Nxe5 Qf6 22.Nxg6+ Qxg6 23.Bh5 Qf6
24.Rxe8 Bc5+ 25.Kh1 Qxc3 26.d6 Bb7 27.d7 Be7 28.Rxe7 Rd8 29.Rc1 Qb2 30.Rc2 Qf6
31.Re8 Kg7 32.Rxd8 Qxd8 33.Rc7 Be4 34.Rc8  1-0

[Event "34th Rilton Cup"]
[Site "Stockholm SWE"]
[Date "2004.12.30"]
[Round "4"]
[White "Styf,J"]
[Black "Adler,B"]
[Result "0-1"]
[WhiteElo "2087"]
[BlackElo "2192"]

1.d4 Nf6 2.Nf3 g6 3.c4 Bg7 4.Nc3 O-O 5.e4 d6 6.Be2 e5 7.O-O Nc6 8.d5 Ne7
9.Nd2 Nd7 10.a3 f5 11.b4 Nf6 12.c5 Bh6 13.cxd6 cxd6 14.exf5 Bxf5 15.Nc4 Bxc1
16.Rxc1 Ne4 17.Ne3 Nxc3 18.Rxc3 Qb6 19.Qc1 Rf7 20.Nc4 Qd8 21.Ne3 Be4 22.Bg4 Nf5
23.Nxf5 gxf5 24.Bf3 Bxf3 25.Rxf3 Rc8 26.Qh6 Qf6 27.Qd2 Rfc7 28.Qd3 f4 29.Rh3 Qg6
30.Qf3 Rc1 31.g4 Qb1  0-1

[Event "13th Donau Open"]
[Site "Aschach AUT"]
[Date "2004.12.31"]
[Round "7"]
[White "Szuhanek,R"]
[Black "Knoll,H"]
[Result "1-0"]
[WhiteElo "2451"]
[BlackElo "2356"]

1.Nf3 Nf6 2.c4 g6 3.Nc3 Bg7 4.e4 d6 5.d4 O-O 6.Be2 e5 7.O-O Nc6 8.d5 Ne7
9.b4 Nh5 10.Re1 f5 11.Ng5 Nf6 12.Bf3 c6 13.b5 h6 14.Ne6 Bxe6 15.dxe6 fxe4
16.Nxe4 Nxe4 17.Bxe4 d5 18.cxd5 cxd5 19.Ba3 dxe4 20.Qxd8 Rfxd8 21.Bxe7 Re8
22.Bc5 Rxe6 23.Be3 b6 24.Red1 Kf7 25.a4 Rc8 26.Rd7+ Re7 27.Rxe7+ Kxe7 28.a5 Kd6
29.axb6 axb6 30.Ra6 Rb8 31.Rxb6+ Rxb6 32.Bxb6 Bf6 33.Kf1 Kd5 34.Be3 Be7 35.Bxh6 Kc5
36.Ke2 Kxb5 37.Ke3 Kc6 38.Kxe4 Bf6 39.Bf8  1-0

[Event "Lidums Australian Open"]
[Site "Mount Buller AUS"]
[Date "2004.12.31"]
[Round "4"]
[White "Voon,R"]
[Black "Chan,Jas"]
[Result "1/2-1/2"]
[WhiteElo "2150"]
[BlackElo "2140"]

1.Nf3 d6 2.d4 Nf6 3.c4 g6 4.Nc3 Bg7 5.e4 O-O 6.Be2 e5 7.O-O Nc6 8.d5 Ne7
9.b4 Nh5 10.Re1 f5 11.Ng5 Nf6 12.Bf3 c6 13.Ba3 cxd5 14.exd5 h6 15.Ne6 Bxe6
16.dxe6 e4 17.Be2 Ne8 18.Rc1 Nc7 19.b5 Be5 20.Qd2 Nxe6 21.Rcd1 Bf4 22.Qc2 Qc7
23.Nd5 Nxd5 24.Rxd5 Rfd8 25.Red1 Be5 26.g3 Ng5 27.h4 Nf7 28.Kg2 b6 29.h5 g5
30.g4 Qc8 31.Kh3 Qe6 32.Bc1 Rf8 33.gxf5 Qxf5+ 34.Bg4 Qf6 35.Be3 Nd8 36.Qxe4 Rb8
37.R5d2 Rb7 38.Qd5+ Rbf7 39.Re2 Kg7 40.Bd4 Bxd4 41.Rxd4 Nb7 42.Rd3 Qa1 43.Kg2 Nc5
44.Rf3 Rxf3 45.Bxf3 Qf6 46.a3  1/2-1/2

[Event "HSK IM"]
[Site "Hamburg GER"]
[Date "2005.01.02"]
[Round "1"]
[White "Stanke,J"]
[Black "Chevelevitch,E"]
[Result "1/2-1/2"]
[WhiteElo "2318"]
[BlackElo "2370"]

1.d4 Nf6 2.c4 g6 3.Nc3 Bg7 4.e4 d6 5.Be2 O-O 6.Nf3 e5 7.O-O Nc6 8.d5 Ne7
9.Ne1 Nd7 10.Be3 f5 11.f3 f4 12.Bf2 g5 13.a4 a6 14.a5 Rf6 15.g4 h5 16.h3 Rh6
17.Nd3 Ng6 18.Kg2 Kf7 19.Rh1 Nf6 20.c5 Bf8 21.Qb3 Kg7 22.Na4 Be7 23.cxd6 Bxd6
24.Nac5 Qh8 25.Rac1 hxg4 26.hxg4 Nh4+ 27.Bxh4 Rxh4 28.Qc3 Rxh1 29.Rxh1 Qe8
30.Qb3 Qe7  1/2-1/2

[Event "Lidums Australian Open"]
[Site "Mount Buller AUS"]
[Date "2005.01.03"]
[Round "6"]
[White "Hardegen,A"]
[Black "Chan,Jas"]
[Result "0-1"]
[WhiteElo "1973"]
[BlackElo "2140"]

1.d4 Nf6 2.c4 g6 3.Nc3 Bg7 4.e4 d6 5.Nf3 O-O 6.Be2 e5 7.O-O Nc6 8.d5 Ne7
9.Ne1 Nd7 10.Be3 f5 11.f3 f4 12.Bf2 g5 13.b4 Nf6 14.c5 Ng6 15.a4 Rf7 16.c6 b6
17.a5 Rb8 18.axb6 axb6 19.Ra7 Bf8 20.Qa4 g4 21.fxg4 Nxg4 22.Ra8 Rxa8 23.Qxa8 Nxf2
24.Rxf2 Be7 25.Nf3 Rg7 26.Ba6 Bxa6 27.Qxa6 Nh4 28.Qb7 Nxf3+ 29.Rxf3 h6 30.Nb5 Bh4
31.Na7 Kh7 32.Qc8 Qg5 33.Qh3 Be1 34.Rb3 h5 35.Rb2 f3 36.Qxf3 Kg8 37.Rc2 Rf7
38.Qd3 h4 39.b5 Qf4 40.Qe2 Bb4 41.h3 Bc5+ 42.Rxc5 bxc5 43.b6 cxb6 44.Nb5 Rf8
45.Qg4+ Qxg4 46.hxg4 c4 47.c7 Kf7 48.g3 hxg3 49.Kg2 Kg6 50.Nxd6 c3 51.Nc4 Kf6
52.g5+ Ke7 53.Nxe5 Kd6 54.Nd3 Kxc7 55.Kxg3 Kd6 56.Kg4 c2 57.g6 b5 58.Kh5 Rf3
59.e5+ Kxd5 60.g7 Rg3 61.Nf4+ Kxe5  0-1

[Event "Intl"]
[Site "Hastings ENG"]
[Date "2005.01.05"]
[Round "9"]
[White "Gormally,D"]
[Black "Hebden,M"]
[Result "1/2-1/2"]
[WhiteElo "2472"]
[BlackElo "2550"]

1.d4 Nf6 2.Nf3 g6 3.c4 Bg7 4.Nc3 O-O 5.e4 d6 6.Be2 e5 7.O-O Nc6 8.d5 Ne7
9.b4 Kh8 10.Nd2 c6 11.a4 cxd5 12.cxd5 Ne8 13.Nc4 f5 14.b5 Ng8 15.exf5 Bxf5
16.b6 axb6 17.Qb3 Rc8 18.Be3 Bh6 19.Nb5 Bxe3 20.Qxe3 Ngf6 21.Qxb6 Nxd5 22.Qxd8 Rxd8
23.Rfd1 Be6 24.Bf3 Rf4 25.Bxd5 Bxd5 26.Ncxd6 Nxd6 27.Rxd5 Nf7 28.Rxd8+ Nxd8  1/2-1/2

[Event "34th Rilton Cup"]
[Site "Stockholm SWE"]
[Date "2005.01.05"]
[Round "9"]
[White "Landgren,A"]
[Black "Backmann,M"]
[Result "1-0"]
[WhiteElo "2198"]
[BlackElo "2106"]

1.d4 Nf6 2.c4 g6 3.Nc3 Bg7 4.e4 d6 5.Nf3 O-O 6.Be2 e5 7.O-O Nc6 8.d5 Ne7
9.Ne1 Nd7 10.Be3 f5 11.f3 f4 12.Bf2 g5 13.a4 Ng6 14.a5 Nf6 15.c5 h5 16.cxd6 cxd6
17.Nb5 g4 18.Nxa7 Rxa7 19.Bxa7 g3 20.Bb6 Qe7 21.Rc1 Nd7 22.Bb5 Qh4 23.h3 Nf6
24.Qe2 Nh7 25.Rxc8 Rxc8 26.Bd7 Ra8 27.Nd3 Nhf8 28.Bb5 Bf6 29.Rc1 Bd8 30.Bxd8 Qxd8
31.b4 Rc8 32.Qd2 Rxc1+ 33.Qxc1 Nh4 34.Nb2 Nh7 35.Bf1 Qd7 36.b5 Ng5 37.Qc3 Qg7
38.b6 Nxh3+ 39.gxh3 g2 40.Qc8+ Kh7 41.Be2 Qg3 42.Nd3 Nxf3+ 43.Bxf3 Qxf3 44.Nf2 Qe3
45.Qf5+ Kh6 46.Qf6+ Kh7 47.Qf5+ Kh6 48.h4 Qc3 49.Qg5+ Kh7 50.Kxg2 Qxa5 51.Qxh5+ Kg7
52.Qg5+ Kf7 53.Qf5+  1-0

[Event "HSK IM"]
[Site "Hamburg GER"]
[Date "2005.01.06"]
[Round "7"]
[White "Kopylov,M"]
[Black "Chevelevitch,E"]
[Result "1/2-1/2"]
[WhiteElo "2430"]
[BlackElo "2370"]

1.d4 Nf6 2.c4 g6 3.Nc3 Bg7 4.e4 d6 5.Be2 O-O 6.Nf3 e5 7.O-O Nc6 8.d5 Ne7
9.Ne1 Nd7 10.Be3 f5 11.f3 f4 12.Bf2 g5 13.Rc1 Rf6 14.Nd3 Rh6 15.g4 fxg3 16.hxg3 Ng6
17.Kg2 Nf4+ 18.gxf4 gxf4 19.Rg1 Nb6 20.Kf1 Nxc4 21.Nxf4 Nxb2 22.Qd2 exf4
23.Qxb2 Kh8 24.Rxg7 Kxg7 25.Nb5+ Kg8 26.Rxc7 Bd7 27.Rxb7 Rh1+ 28.Kg2 Rh6
29.Kf1 Rh1+ 30.Kg2 Rh6  1/2-1/2

[Event "XI Open A"]
[Site "Bosnjaci CRO"]
[Date "2005.01.07"]
[Round "7"]
[White "Teofilovic,V"]
[Black "Sertic,Ru"]
[Result "1-0"]
[WhiteElo "2265"]
[BlackElo "2337"]

1.Nf3 Nf6 2.c4 g6 3.Nc3 Bg7 4.e4 d6 5.d4 O-O 6.Be2 e5 7.O-O Nc6 8.d5 Ne7
9.b4 c6 10.Rb1 cxd5 11.cxd5 Ne8 12.Nd2 Bh6 13.Nc4 Bxc1 14.Rxc1 f5 15.f4 exf4
16.e5 a6 17.Na4 b5 18.exd6 Nxd6 19.Nxd6 Qxd6 20.Nc5 g5 21.a4 Rb8 22.axb5 axb5
23.Qe1 Ng6 24.Bd1 Ne5 25.Bb3 f3 26.gxf3 Rf6 27.Qc3 g4 28.fxg4 Nxg4 29.Rc2 Rg6
30.Kh1 Rh6 31.h3 f4 32.Rg2 Kf7 33.Ne6 Nf6 34.Rxf4 Bb7 35.Rg7+ Ke8 36.Rxb7  1-0

[Event "ch-FENACH"]
[Site "Santiago CHI"]
[Date "2005.01.08"]
[Round "9"]
[White "Vera Soto,S"]
[Black "Valdes Escobar,A"]
[Result "0-1"]
[WhiteElo "2171"]
[BlackElo "2126"]

1.Nf3 Nf6 2.c4 g6 3.Nc3 Bg7 4.e4 d6 5.Be2 O-O 6.O-O e5 7.d4 Nc6 8.d5 Ne7
9.b4 a5 10.bxa5 Rxa5 11.a4 c5 12.dxc6 bxc6 13.Bd2 c5 14.Nd5 Ra6 15.Nxe7+ Qxe7
16.Qc2 Bb7 17.Bd3 Bc6 18.Rfb1 Nd7 19.Bc3 f5 20.Nd2 f4 21.Ra3 g5 22.Be2 Nf6
23.f3 h5 24.a5 g4 25.Qd3 Qe6 26.Rab3 Nd7 27.R1b2 Kh8 28.Nb1 Bf6 29.Bf1 Rg8
30.Kh1 Bd8 31.Qd2 Nf6 32.Bd3 Ra7 33.Rb8 gxf3 34.gxf3 Rag7 35.Qf2 Qh3 36.Rxd8 Qxf3+  0-1

[Event "XXX Open"]
[Site "Seville ESP"]
[Date "2005.01.10"]
[Round "4"]
[White "Bengoa Diaz,J"]
[Black "Rodriguez Aguilera,Au"]
[Result "1/2-1/2"]
[WhiteElo "1974"]
[BlackElo "1980"]

1.d4 Nf6 2.c4 g6 3.Nc3 Bg7 4.e4 d6 5.Nf3 O-O 6.Be2 e5 7.O-O Nc6 8.dxe5 Nxe5
9.Nxe5 dxe5 10.Qxd8 Rxd8 11.f3 c6 12.Be3  1/2-1/2

[Event "ch-Kiev"]
[Site "Kiev UKR"]
[Date "2005.01.22"]
[Round "5"]
[White "Nogin,N"]
[Black "Moliboga,V"]
[Result "1/2-1/2"]
[WhiteElo "2364"]
[BlackElo "2314"]

1.d4 Nf6 2.c4 g6 3.Nc3 Bg7 4.e4 d6 5.Be2 O-O 6.Nf3 e5 7.O-O Nc6 8.d5 Ne7
9.b4 Nh5 10.Re1 f5 11.Ng5 Nf6 12.Bf3 c6 13.Bb2 h6 14.Ne6 Bxe6 15.dxe6 fxe4
16.Nxe4 Nxe4 17.Rxe4 d5 18.cxd5 cxd5 19.Rxe5 Bxe5 20.Bxe5 Rc8 21.Qd2 Kh7
22.h4 Rf5 23.Re1 Rc4 24.h5 Qf8 25.hxg6+ Kxg6 26.Bd4 Rxf3 27.gxf3 Qf5 28.Qe3 b6
29.a3 Qg5+ 30.Qxg5+ hxg5 31.Be5 Rc6 32.Bb8 a6 33.f4 gxf4 34.Bxf4 Kf5 35.Be3 Rxe6
36.Kf1 b5 37.Rc1 Ke4 38.Bc5 Nc6 39.Re1+ Kf5 40.Rd1 d4 41.Rd3 Ke4 42.Ke2 Kd5+
43.Kd2 Rf6 44.Ke2 a5 45.Rd1 a4 46.Rd3 Kc4 47.Rd1 Re6+ 48.Kf3 Ne5+ 49.Kg3 Nd3
50.f4 Re3+ 51.Kh4 Nxc5 52.bxc5 Kxc5 53.f5 Rf3 54.Kg5 d3 55.f6 Kc4 56.Rc1+ Kb3
57.Rb1+ Kc2 58.Rxb5 d2 59.Rc5+ Kd3 60.Rd5+ Ke2 61.Re5+ Kd3 62.Rd5+ Kc2 63.Rc5+ Rc3
64.Rxc3+ Kxc3 65.f7 d1=Q 66.f8=Q Qg1+ 67.Kh4 Qd4+ 68.Kh3 Kb2 69.Kg2 Qd2+
70.Kf1 Qd3+ 71.Kg2 Qxa3 72.Qf2+ Kb1 73.Qf5+ Ka2 74.Kf1 Qc3 75.Ke2 a3 76.Kd1 Kb2
77.Qf2+ Kb1 78.Qf5+ Ka1 79.Qc2 Qd4+ 80.Ke2 Qb2 81.Kd1 Qb1+ 82.Kd2 a2 83.Qc1  1/2-1/2

[Event "IMA2"]
[Site "Marianske Lazne CZE"]
[Date "2005.01.24"]
[Round "3"]
[White "Rohrmueller,U"]
[Black "Sergeeva,M"]
[Result "0-1"]
[WhiteElo "2241"]
[BlackElo "2312"]

1.Nf3 Nf6 2.c4 g6 3.Nc3 Bg7 4.e4 d6 5.d4 O-O 6.Be2 e5 7.O-O Nc6 8.d5 Ne7
9.Ne1 Nd7 10.Be3 f5 11.f3 h5 12.Nd3 Kh7 13.c5 Bh6 14.Bxh6 Kxh6 15.Qd2+ f4
16.b4 g5 17.Nb5 a6 18.Na3 Nf6 19.Rac1 Ng6 20.Nc4 Kh7 21.g3 Bh3 22.Rf2 g4
23.cxd6 cxd6 24.gxf4 gxf3 25.Rxf3 Rg8 26.fxe5 Nxe5+ 27.Rg3 Nxe4 28.Ndxe5 Rxg3+  0-1

[Event "IMA2"]
[Site "Marianske Lazne CZE"]
[Date "2005.01.25"]
[Round "4"]
[White "Holemar,D"]
[Black "Czerwonski,A"]
[Result "0-1"]
[WhiteElo "2305"]
[BlackElo "2390"]

1.d4 d6 2.Nf3 Nf6 3.c4 g6 4.Nc3 Bg7 5.e4 O-O 6.Be2 e5 7.O-O Nc6 8.d5 Ne7
9.b4 Nh5 10.Re1 Nf4 11.Bf1 a5 12.Ba3 f5 13.g3 Nh5 14.Ng5 h6 15.Ne6 Bxe6 16.dxe6 axb4
17.Bxb4 c5 18.exf5 cxb4 19.Nd5 Nxd5 20.cxd5 Qb6 21.Bh3 Nf6 22.fxg6 Ra5 23.e7 Re8
24.Be6+ Kh8 25.g4 Rxe7 26.h4 Ra3 27.Kg2 Rxe6 28.dxe6 Qc6+ 29.Kh2 Rf3 30.Rg1 Rxf2+
31.Kh3 Qe4 32.Rc1 Rf3+ 33.Qxf3 Qxf3+ 34.Rg3 Qd5 35.e7 Qe6 36.Rc7 Ne8 37.Rxb7 Qc8  0-1

[Event "Zimski Winter Open"]
[Site "Belgrade SCG"]
[Date "2005.01.27"]
[Round "5"]
[White "Obradovic,D"]
[Black "Cetkovic,B"]
[Result "1/2-1/2"]
[WhiteElo "2153"]
[BlackElo "2255"]

1.d4 Nf6 2.Nf3 g6 3.c4 Bg7 4.Nc3 O-O 5.e4 d6 6.Be2 e5 7.O-O Nc6 8.d5 Ne7
9.Ne1 Nd7 10.Nd3 f5 11.f3 f4 12.Bd2 c5 13.a3 g5 14.Be1 h5 15.b4 b6 16.Rb1 Nf6
17.bxc5 bxc5 18.Qa4 a6 19.Bf2 Bd7 20.Qc2 Ra7 21.Rb3 g4 22.Rfb1 Qe8 23.Rb6 Nc8
24.Rb7 Rxb7 25.Rxb7 gxf3 26.Bxf3 Qg6 27.Kf1 Rf7 28.Bxc5 dxc5 29.Nxe5 Nxd5
30.Nxg6 Ne3+ 31.Ke2 Nxc2 32.Nd5 Nd4+ 33.Kd3 Nxf3 34.gxf3 Bh3 35.Rb8 Kh7 36.Ngxf4 Be5
37.Nxh3 Bxb8 38.Ng5+ Kg6 39.Nxf7 Kxf7 40.f4 Ke6 41.h3 a5 42.Ke3 h4 43.e5 Bxe5
44.fxe5 Kxe5 45.Nf4 Kf5 46.Ng2 Kg5 47.Ke4 Nb6 48.Ne3 a4 49.Ke5 Nd7+ 50.Kd6 Nf6
51.Ng2 Ne4+ 52.Kd5 Nf2 53.Kxc5 Nxh3 54.Kb4 Nf2 55.Nxh4 Kxh4 56.Kxa4 Kg5 57.Kb5 Kf6
58.c5 Ke6 59.Kb6 Nd3  1/2-1/2